[Event "Izmir Arena IM2"]
[Site "Izmir"]
[Date "2024.05.12"]
[Round "10"]
[White "Yalcinkaya, Efe"]
[Black "Pacher, Milan"]
[Result "1/2-1/2"]
[WhiteElo "2029"]
[BlackElo "2414"]
[PlyCount "88"]
[EventDate "2024.05.08"]
[EventType "tourn"]
[EventRounds "10"]
[EventCountry "TUR"]
[SourceTitle "CB20_2024"]
[SourceDate "2024.05.16"]
[SourceVersion "1"]
[SourceVersionDate "2024.05.16"]
[SourceQuality "1"]

1. e4 e5 2. Nf3 Nc6 3. Bb5 a6 4. Ba4 Nf6 5. 0-0 Bc5 6. c3 b5 7. Bb3 d6 8. d4 Bb6 9. a4 Bg4 10. d5 Ne7 11. Re1 h6 12. Be3 Bxe3 13. Rxe3 0-0 14. Nbd2 Nd7 15. h3 Bxf3 16. Rxf3 b4 17. cxb4 Qb8 18. Rc1 Ra7 19. Rfc3 f5 20. exf5 Nxf5 21. Qg4 Rb7 22. b5 axb5 23. Bc2 e4 24. Qxe4 b4 25. Rf3 Nc5 26. Qg4 Ne7 27. Re1 c6 28. dxc6 Nxc6 29. Qg6 Rxf3 30. Nxf3 Re7 31. Qh7+ Kf7 32. Qf5+ Ke8 33. Qg6+ Kf8 34. Qf5+ Ke8 35. Rxe7+ Nxe7 36. Qg4 b3 37. Bg6+ Nxg6 38. Qxg6+ Kf8 39. Nd4 Qc7 40. Qf5+ Ke7 41. Qd5 Nxa4 42. Nc6+ Kf8 43. Qf5+ Qf7 44. Qb5 Nxb2 1/2-1/2

[Event "EU-ch U14 30th"]
[Site "Antalya"]
[Date "2022.11.09"]
[Round "4"]
[White "Yalcinkaya, Efe"]
[Black "Medhus, Vitrus Bondo"]
[Result "1/2-1/2"]
[WhiteElo "1829"]
[BlackElo "2118"]
[PlyCount "99"]
[EventDate "2022.11.06"]
[EventType "swiss"]
[EventRounds "9"]
[EventCountry "TUR"]
[SourceTitle "EXT 2024"]
[Source "ChessBase"]
[SourceDate "2023.10.10"]
[SourceVersion "1"]
[SourceVersionDate "2023.10.10"]
[SourceQuality "1"]

1. e4 e5 2. Nf3 Nc6 3. Bb5 f5 4. d3 fxe4 5. dxe4 Nf6 6. 0-0 Bc5 7. Nc3 d6 8. h3 Be6 9. Ng5 Bg8 10. Qe2 h6 11. Nf3 Bf7 12. Re1 Bh5 13. Be3 Bxe3 14. Qxe3 Bxf3 15. Qxf3 0-0 16. Ne2 Ne7 17. Bc4+ Kh8 18. Ng3 Nfd5 19. Qg4 Nf4 20. Nh5 g6 21. Nxf4 Rxf4 22. Qe2 g5 23. a4 Qd7 24. g3 Rf6 25. Kg2 Raf8 26. Rf1 Ng6 27. Ra3 c6 28. Rd3 Qh7 29. Qd2 Nh4+ 30. gxh4 Qxe4+ 31. f3 Qxc4 32. Rxd6 gxh4 33. Rxf6 Qg8+ 34. Kh1 Rxf6 35. Rg1 Qd5 36. Qxd5 cxd5 37. Re1 Rxf3 38. Rxe5 Rxh3+ 39. Kg2 Rg3+ 40. Kh2 Rg8 41. Re7 Rg7 42. Re8+ Rg8 43. Re5 Rd8 44. Kh3 Kg7 45. Kxh4 Kf6 46. Rh5 Re8 47. Rxd5 Re2 48. Rb5 Re4+ 49. Kh5 b6 50. a5 1/2-1/2

[Event "EU-ch Hybrid U12"]
[Site "Tornelo INT"]
[Date "2021.10.15"]
[Round "5"]
[White "Yalcinkaya, Efe"]
[Black "Zverev, Lev"]
[Result "0-1"]
[WhiteElo "1897"]
[BlackElo "2148"]
[PlyCount "42"]
[EventDate "2021.10.15"]
[EventType "swiss"]
[EventRounds "9"]
[EventCountry "NET"]
[SourceTitle "EXT 2023"]
[Source "ChessBase"]
[SourceDate "2022.10.05"]
[SourceVersion "1"]
[SourceVersionDate "2022.10.05"]
[SourceQuality "1"]
[WhiteTeam "Turkey"]
[BlackTeam "Russia"]
[WhiteTeamCountry "TUR"]
[BlackTeamCountry "RUS"]

1. e4 e5 2. Nf3 Nc6 3. Bb5 a6 4. Ba4 Nf6 5. d3 Bc5 6. Nc3 h6 7. 0-0 d6 8. a3 Ba7 9. h3 b5 10. Bb3 g5 11. Nxg5 hxg5 12. Bxg5 Rg8 13. h4 Nd4 14. Nd5 Rxg5 15. hxg5 Nxd5 16. Bxd5 Qxg5 17. Bxa8 Bg4 18. Bc6+ Ke7 19. c3 Nf3+ 20. Qxf3 Bxf3 21. g3 Qxg3# 0-1

[Event "EU-ch Amateur Online Final 1400/1700"]
[Site "Tornelo INT"]
[Date "2021.04.18"]
[Round "6"]
[White "Gkoutzouki, Aikaterini Argyro"]
[Black "Yalcinkaya, Efe"]
[Result "0-1"]
[WhiteElo "1386"]
[BlackElo "1671"]
[PlyCount "74"]
[EventDate "2021.04.18"]
[EventType "swiss (rapid)"]
[EventRounds "9"]
[EventCountry "NET"]
[SourceTitle "EXT 2023"]
[Source "ChessBase"]
[SourceDate "2022.10.05"]
[SourceVersion "1"]
[SourceVersionDate "2022.10.05"]
[SourceQuality "1"]

1. d4 Nf6 2. Nf3 d5 3. g3 Bf5 4. Bg2 e6 5. Nh4 Be4 6. f3 Bg6 7. 0-0 Be7 8. Nxg6 hxg6 9. c4 c6 10. Qb3 Qb6 11. c5 Qxb3 12. axb3 a6 13. b4 Nbd7 14. Nc3 Bd8 15. b5 cxb5 16. Nxb5 0-0 17. Nd6 b6 18. cxb6 Bxb6 19. Be3 e5 20. Rfd1 Bc7 21. Nb7 Rfb8 22. Nc5 Nxc5 23. dxc5 Rxb2 24. Kf1 a5 25. Rdb1 Rxb1+ 26. Rxb1 a4 27. c6 Ra6 28. Ra1 a3 29. Bc1 a2 30. Bb2 d4 31. Rc1 Rb6 32. Ba1 Rb1 33. Rxb1 axb1Q+ 34. Kf2 Qxa1 35. h4 d3 36. h5 Bb6+ 37. e3 Qb2+ 0-1